Quizzes
Events
Quiz Creation
Community
Videos
Private Events
Remove Ads
Sign In
Join for FREE
Feedback
Dark Mode
Quiz Categories
Sports
Geography
Music
Movies
Television
Just For Fun
Miscellaneous
History
Literature
Language
Science
Gaming
Entertainment
Religion
Holiday
For Kids
Quiz Lab
Recent
Popular Today
Quiz Kudos Today
Editor Picks
Curator Picks
Quizzes by...
Day
Popularity
Type
Ratings
Length
Year
Community
Subscriptions
Recent Discussions
Orange Saloon
Badges
Playlists
Quests
Create
Leaderboards
Showdown
Live 5
Trivia Bingo
Activity
Puzzle Library
Sporcle Events
Private Events
Virtual Trivia
Globe League
Become a Host
Pub Owners
SporcleCon
Opinionation
Our Games
Videos
Blog
Mobile Apps
Partnerships
Remove Ads and Go Orange
Feedback
Music
Pop Music
The Beatles
Song
Album
Lyrics
Bands
Singers
Artist
Clip
Rock
Rap
Classical
Billboard
Country Music
Kpop
Taylor Swift
Music
Pop Music
The Beatles
Song
Album
Lyrics
Bands
Singers
Artist
Clip
Rock
Rap
Classical
Billboard
Country Music
Kpop
Taylor Swift
Random Quiz
Search Sporcle
×
Quiz Lab
Quiz Lab
Music
Album
Type in answers that appear in a list
Type in answers that appear in a list
Classic
Best Score? Go Orange.
Type O Negative Songs Stats
Can you name the Type O Negative album tracks?
By
miller2112
12m
72 Questions
641 Plays
641 Plays
641 Plays
Comments
Comments
Give Quiz Kudos
Give Quiz Kudos
-
- Ratings
hide this ad
Replay
Link that replays current quiz
Next Quiz
Link to next quiz in quiz playlist
You Got
0%
They Got
Avg Score
58%
Avg Friend Score
Upgrade to see
Score Distribution
Jump to the score distribution portion of the page
Score
0/72
Timer
12:00
0
Plays Today
Album
Song
% Correct
Bloody Kisses
Black No. 1 [Little Miss Scare All]
88.9%
Bloody Kisses
Christian Woman
87.4%
October Rust
Love you to Death
81.1%
Bloody Kisses
Bloody Kisses (A Death in the Family)
80.8%
Life is Killing Me
Life is Killing Me
78.6%
Life is Killing Me
I Dont Wanna Be Me
76.4%
October Rust
Cinnamon Girl
76.1%
Bloody Kisses
Summer Breeze
74.7%
October Rust
My Girlfriend's Girlfriend
72.9%
October Rust
Green Man
72.4%
World Coming Down
Everyone I Love is Dead
72.2%
Dead Again
Dead Again
71.8%
October Rust
Be my Druidess
70.8%
October Rust
Wolf Moon [Including Zoanthropic paranoia]
69.6%
Slow, Deep and Hard
Unsuccessfully Coping with the Natural Beauty of Infidelity
69.6%
Bloody Kisses
Kill all the White People
68.3%
Bloody Kisses
We Hate Everyone
67.7%
World Coming Down
Everything Dies
67.1%
World Coming Down
World Coming Down
66.9%
Bloody Kisses
Machine Screw
64.4%
October Rust
Red Water (Christmas Mourning)
64.3%
Bloody Kisses
Blood and Fire
63.5%
World Coming Down
White Slavery
63.3%
Life is Killing Me
Nettie
62.7%
October Rust
Haunted
61.8%
Bloody Kisses
Too Late: Frozen
61.6%
Bloody Kisses
Set me On Fire
61.2%
Life is Killing Me
Anesthesia
61%
World Coming Down
Lung
59.9%
World Coming Down
Creepy Green Light
59.3%
October Rust
Die With Me
59%
Slow, Deep and Hard
Gravitational Constant
59%
October Rust
Burnt Flowers Fallen
57.3%
World Coming Down
Day Tripper/ If I Needed Someone/I Want You [She's So Heavy]
56.8%
Life is Killing Me
I Like Goils
56.8%
October Rust
Bad Ground
56.6%
Album
Song
% Correct
World Coming Down
Pyretta Blaze
55.7%
World Coming Down
Liver
55.2%
Bloody Kisses
Can't Lose You
55.1%
World Coming Down
All Hallows Eve
55.1%
World Coming Down
Sinus
54.8%
Slow, Deep and Hard
Xero Tolerance
54.1%
Life is Killing Me
IYDKMIGTHTKY (Gimme That)
54.1%
World Coming Down
Skip It
52.9%
October Rust
In Praise of Bacchus
52.1%
Life is Killing Me
(We Were) Electrocute
51.5%
Life is Killing Me
Drunk in Paris
51.3%
Slow, Deep and Hard
Der Untermensch
50.7%
Life is Killing Me
How Could She?
49.9%
World Coming Down
Who Will Save the Sane?
49.8%
Dead Again
September Sun
49.8%
Life is Killing Me
Todd's Ship Gods (Above All Things)
49.1%
Life is Killing Me
The Dream is Dead
49%
Dead Again
Tripping a Blind Man
48.4%
Life is Killing Me
Thir13teen
47.9%
Bloody Kisses
Fay Wray Come Out and Play
47.3%
Bloody Kisses
Dark Side of the Womb
46.3%
Slow, Deep and Hard
Prelude to Agony
46%
Life is Killing Me
Less than Zero
45.9%
Life is Killing Me
...A Dish Best Served Coldly
44.1%
Bloody Kisses
3.O.I.F.
42.3%
Dead Again
Halloween in Heaven
42.1%
Dead Again
The Profit of Doom
41.2%
Slow, Deep and Hard
Glass Walls of Limbo
40.9%
Life is Killing Me
Angry Itch
40.6%
Dead Again
These Three Things
38.7%
Dead Again
Hail and Farewell to Britain
35.9%
Slow, Deep and Hard
Misinterpretation of Silence and its Disastrous Consequences
35.7%
Dead Again
An Ode to Locksmiths
34.8%
October Rust
The Glorious Liberation of the People's Technocratic Republic of Vinnland by the Combined Forces of the United Territories of Europa
32.1%
Dead Again
She Burned Me Down
32.1%
Dead Again
Some Stupid Tomorrow
26.5%
Quiz Playlist
Details
Report
Send in Message
Add To Playlist
Classic:
Type in answers that appear in a list
Last Updated: Feb 16, 2017
Quiz Scoreboard
CHALLENGE
Sign Up to Join the Scoreboard
Show All
Scores
Hide
Comments
May contain spoilers
Recently Published
TV Characters by Other Roles V
by ghcgh
Television
5m
Decade Duel: World Leaders
by jenniferyan
History
4m
Alphabetical 'K' Countries by Flag Minefield
by ylime102
Geography
3m
More to Explore
Quiz From the Vault
Featured Blog Post
15 Basketball Trivia Facts You Can Be March Mad About
hide this ad
You Might Also Like...
Tags
Album Quiz
Song Quiz
Negative
track
Today's Top Quizzes in Music
Browse Music
hide this ad
Today's Top Quizzes in Album
Browse Album
Top Contributed Quizzes in Music
1
Taylor Swift All Songs (2024)
2
Decade Duel: Singer
3
Taylor Swift Logic Puzzle
4
KPOP LOGIC QUIZ
5
Guess the Taylor Swift song (Mystery Song)
6
Guess The Taylor Swift Lyrics Song #1
7
A Taylor Swift Logic Puzzle
8
kpop group name match up
9
2 word kpop group match
10
Madness Songs By Image
Explore More
Trending Topics
NBA
Harry Potter
Marvel
Disney
Kpop
Anime
Crossword
Song
Pokémon
Country
WWE
The Office
Puzzle
NFL
Soccer
hide this ad
More By:
miller2112
Quiz
Plays
Rating
Category
Featured
Created
1990's MLB hit leaders
902
2.67
Sports
Sep 23, 2009
Type O Negative Songs
641
4.20
Music
Feb 15, 2010
United States Newspapers
209
2.00
Geography
Sep 23, 2009
Go to Creator's Profile
Score Distribution
Quiz Creator Spotlight
miller2112
Follow
Send a Message
Quizzes Created
-
Created Quiz Play Count
-
More By This Creator
Popular Quizzes Today
1
Countries of Asia Without Outlines Minefield
2
Find the US States - No Outlines Minefield
3
Pick 6: Fruits
4
The Countries of the World
5
Find the Countries of Europe - No Outlines Minefield
6
Alphabetical 'K' Countries by Flag Minefield
7
US States
8
Find the US States
More Music Quizzes
Band Member Click: System Of A Down
Quiz Lab
Trending Quizzes
Pick 6: Mountains
Pick 6: Harry Potter
Pick 6: Flags
Pick 6: NFL Teams
C Names for Actors
Recently Updated
Adaptations: Name the Title
pecheneg
NWSL Teams
pecheneg
Women's Final Four Teams by Year
bhenderson79
Presidents Quartet II
eogle
Anything But Clue(do)
eogle
Anything But Oceanian Capitals
eogle
Anything But 7
eogle
Anything But Thing
eogle
Word Ladder: February 29
pecheneg
Song Title Questions
pecheneg
Trending Topics
Anime
NBA
Kpop
Crossword
Disney
Harry Potter
Marvel
Country
The Office
WWE
Puzzle
Soccer
Pokémon
NFL
Song
Your Account Isn't Verified!
In order to create a playlist on Sporcle, you need to verify the email address you used during registration. Go to your
Sporcle Settings
to finish the process.
Report this User
Report this user for behavior that violates our
Community Guidelines
.
Details:
Send Report
Go to the Sporcle.com Mobile Site →
Comments